Reflections of architecture Fakulta architektúry STU Bratislava 10,11,12/2018

Bibliographic Details
Other Authors: Moravčíková, Henrieta, 1963- (Editor, Conceptor), Bartošová, Nina, 1977- (Editor, Photographer), Janák, Michal (Editor)
Format: Book
Language:English
PhysicalDescription:303 strán fotografie 16 cm
Published: V Bratislave Slovenská technická univerzita v Bratislave Spektrum STU 2019
ISBN:9788022749305
Edition:First edition
Subjects:

MARC

LEADER 00000cam a2200000 4500
001 vtls011911386
003 SK-MaSNL
005 20260301102401.0
008 210209s2019 xo o fr 000 0 eng
015 |a SNBA2020/02 
020 |a 9788022749305  |q (brožované) 
035 |a urn:nbn:sk:snk-am00ediw 
035 |a urn:nbn:sk:snk-am3igty 
035 |a 58DA12AF-2FAC-421C-A88C-11065AB3E173 
040 |a SNK  |b slo  |c SNK  |e rda 
041 0 |a eng 
044 |a xo  |c SK 
072 7 |a 72  |x Architektúra  |2 konspekt 
080 |a 72  |2 2011 
080 |a 72.036/.038  |2 2011 
080 |a 643.557  |2 2011 
080 |a (042.3)  |2 2011 
080 |a (048.8)  |2 2011 
245 0 0 |a Reflections of architecture  |b Fakulta architektúry STU Bratislava 10,11,12/2018 
246 3 3 |a 10,11,12/2018 Reflections of architecture Fakulta architektúry STU Bratislava 
250 |a First edition 
264 1 |a V Bratislave  |b Slovenská technická univerzita v Bratislave  |b Spektrum STU  |c 2019 
300 |a 303 strán  |b fotografie  |c 16 cm 
336 |a text  |b txt  |2 rdacontent 
336 |a statický obraz  |b sti  |2 rdacontent 
337 |a bez média  |b n  |2 rdamedia 
338 |a zväzok  |b nc  |2 rdacarrier 
650 0 7 |a architektúra  |2 SNKPH  |9 722 
650 0 7 |a moderná architektúra  |2 SNKPH  |9 68287 
650 0 7 |a Architecture  |2 SNKPHeng  |9 266226 
650 0 7 |a Modern architecture  |2 SNKPHeng  |9 276030 
650 0 7 |a architektonické ateliéry  |2 SNKPH  |9 31801 
650 0 7 |a Architectural studios  |2 SNKPHeng  |9 356002 
655 7 |a prednášky  |2 SNKPH  |9 70554 
655 7 |a monografie  |2 SNKPH  |9 70139 
655 7 |a Lectures  |2 SNKPHeng  |9 294447 
655 7 |a Monographs  |2 SNKPHeng  |9 120675 
700 1 |a Moravčíková, Henrieta,  |d 1963-  |4 edt  |4 ccp  |9 212446 
700 1 |a Bartošová, Nina,  |d 1977-  |4 edt  |4 pht  |9 229806 
700 1 |a Janák, Michal  |4 edt  |9 438066 
752 |a Slovensko  |d Bratislava 
919 |a 978-80-227-4930-5 
999 |c 692025  |d 693955 
952 |a SNK  |b SNK  |y PREZ  |7 0  |p 17A1413923  |o snkSD 88861  |i snk2020/900  |8 0  |0 0  |1 0  |4 0  |d 2020-01-16  |f 1  |l 0  |r 2026-02-23 20:30:38  |w 2026-02-23 
952 |a SNK  |b SNK  |y VYP  |7 0  |p 17A1413924  |o snkSD 88861 D1  |i snk2020/901  |8 0  |0 0  |1 0  |4 0  |d 2020-01-16  |l 0  |r 2026-02-23 20:30:38  |w 2026-02-23